| 000 | 00737nam a2200253 a 4500 | ||
|---|---|---|---|
| 008 | |||
| 020 | _a053420886X (hbk.) | ||
| 049 | _aMAIN | ||
| 090 | _aQA276 | ||
| 100 | 1 | _aMendenhall, William. | |
| 245 | 1 | 0 |
_aIntroduction to probability and statistics / _cWilliam Mendenhall. |
| 250 | _a9th ed. | ||
| 260 |
_aBelmont, Calif. : _bDuxbury Press, _cc1994. |
||
| 300 |
_axii, 646 [64] p. : _bill. (some col.) ; _c25 cm. |
||
| 500 | _aIncludes index. | ||
| 650 | 0 | _aMathematical statistics. | |
| 650 | 0 | _aProbabilities. | |
| 700 | 1 | _aBeaver, Robert J. | |
| 907 |
_a.b10091385 _b27-10-11 _c17-11-03 |
||
| 003 | |||
| 005 | 20230123133444.0 | ||
| 040 | _cNUST | ||
| 942 |
_cBOOKS _kQA276 |
||
| 999 |
_c148879 _d148879 |
||